Taylor Swift - I Think He Knows Lyrics - Statistics

General Stats
  • This quiz has been taken 1,133 times
  • The average score is 317 of 373
Answer Stats
Answer % Correct
he
100%
I
100%
know
99%
knows
99%
think
99%
a
98%
go
97%
the
96%
in
95%
my
95%
on
95%
that
95%
got
94%
when
94%
like
93%
me
93%
an
92%
under
92%
boy
90%
heartbeat
89%
I'm
89%
it
89%
man
89%
understand
89%
down
88%
skipping
88%
want
88%
where
88%
avenue
87%
his
87%
it's
87%
look
87%
to
87%
at
86%
no
86%
so
86%
you
86%
boyish
85%
one
85%
am
84%
can
84%
wanna
84%
drawing
83%
up
83%
16th
82%
plans
82%
see
82%
and
81%
architect
81%
mine
81%
body
80%
him
80%
we
80%
he's
79%
attitude
78%
can't
78%
hand
78%
tell
78%
understands
78%
what's
78%
every
77%
there
77%
make
76%
mean
76%
night
76%
nobody
75%
seventeen
75%
all
74%
around
74%
sidewalk
74%
I'll
73%
lead
73%
oh
72%
ain't
71%
gotta
71%
footprints
70%
stop
70%
never
69%
with
69%
cause
68%
good
67%
hands
67%
obsessed
67%
soul
66%
ones
65%
stay
65%
alone
63%
cold
63%
drive
62%
wait
62%
get
61%
glass
61%
gonna
61%
won't
61%
better
60%
bless
60%
home
60%
lock
59%
dark
58%
stick
58%
thigh
58%
whisper
58%
he'll
57%
myself
57%
smile
57%
eyes
56%
or
53%
indigo
51%
sparks
51%
follow
49%
lyrical
48%
No matching quizzes found
Score Distribution
Percent of People with Each Score
Percentile by Number Answered
Your Score History
You have not taken this quiz